|
|
|
|
| LEADER |
00758cam a2200205 7i4500 |
| 001 |
0000040130 |
| 005 |
20170218090000.0 |
| 020 |
|
|
|a 9780736063531 (pbk.)
|
| 020 |
|
|
|a 0736063536 (pbk.)
|
| 090 |
0 |
0 |
|a GV188
|b .P45 2009
|
| 100 |
1 |
|
|a Pfister, Robert E
|
| 245 |
1 |
0 |
|a Recreation, event, and tourism businesses :
|b start-up and sustainable operations
|c Robert E. Pfister, Patrick T. Tierney.
|
| 260 |
|
|
|a Champaign, IL.:
|b Human Kinetics,
|c 2009.
|
| 300 |
|
|
|a ix, 285 p.:
|b ill.;
|c 28 cm.
|
| 650 |
0 |
0 |
|a Tourism --
|x Management
|
| 650 |
0 |
0 |
|a Recreation industry --
|x Management
|
| 700 |
1 |
|
|a Tierney, Patrick T
|
| 997 |
|
|
|a Business & Accountancy, Faculty
|
| 998 |
|
|
|a Sport Management Industry, Diploma
|
| 999 |
|
|
|a 0000054450
|b BOK
|c OPEN SHELF
|e 1st Floor, Shah Alam
|